Costa Rica es el nombre del Juego: análisis de la crisis de 1984 /

שמור ב:
מידע ביבליוגרפי
מחבר ראשי: Gutiérrez Saxe, Miguel
Autores Corporativos: Instituto costarricense de estudios sociales, ICES
פורמט: Texto
יצא לאור: San José: ICES
תגים: הוספת תג
אין תגיות, היה/י הראשונ/ה לתייג את הרשומה!

MARC

LEADER 00000 a a2200000 04500
001 25782
003
040 |a CRAI/IIS  |c CRAI/IIS 
090 |a 174000  
100 1 |a Gutiérrez Saxe, Miguel 
110 |a Instituto costarricense de estudios sociales  
245 |a Costa Rica es el nombre del Juego: análisis de la crisis de 1984 /  |c Instituto costarricense de estudios sociales  
260 |a San José:   |b ICES  
300 |a 140 p  
710 |a ICES  
999 |c 4361  |d 4361